00476nam a2200181 a 4500001001300000003000900013005001700022008004100039020002200080082001700102100002300119245003700142260002500179300000800204500003500212650002400247700002300271nice12345678IN_TiNIC20260116015042.0150305s2007 dela grp 000 0 eng  a9788172149864c7500a291.172bFRA aFrancis, Dyanandan aReflection on Inter-Faith Themes aDelhi bISPCK c2007 a112 aincludes index and biblioraphy aInterfaith Dialogue1 aFrancis, Dyanandan